Characterization of Pestalotiopsis microspora, the casual agent of rubber leaf blight disease in Cameroon (Record no. 55439)
[ view plain ]
| 000 -LEADER | |
|---|---|
| fixed length control field | 02252nam a2200241Ia 4500 |
| 100 ## - MAIN ENTRY--AUTHOR NAME | |
| Personal name | Nyaka Ngobisa A.I.C |
| 245 #0 - TITLE STATEMENT | |
| Title | Characterization of Pestalotiopsis microspora, the casual agent of rubber leaf blight disease in Cameroon |
| 260 ## - PUBLICATION, DISTRIBUTION, ETC. (IMPRINT) | |
| Name of publisher | Rubber Science |
| Year of publication | 2018 |
| 300 ## - PHYSICAL DESCRIPTION | |
| Number of Pages | 112-120 |
| 520 ## - SUMMARY, ETC. | |
| Summary, etc | Hevea brasiliensis is the only commercial source of natural rubber in Cameroon and its production can be severely limited by diseases such as leaf blight. The disease is mostly observed in smallholder rubber fields in SOuth West Cameroon. For this study, leaf samples were collected from infected plants. The pathogen was then isolated and identified as Pestalotiopsis microspora following the cultural and morphological characterisation of colonies developed from single spore isolates. Culture media, period of incubation, temperature and pH affected the mycelial growth of P. microspora. Inoculation on detached leaflets revealed the pathogenic capacity of this fungus. Re-isolation of the pathogen from the symptoms produced confirmed Kochs postulates. Molecular sequence analysis of the internal transcribed spacer (ITS) region 1 and 2 including 5.8S rDNA (ITS-5.8S-ITS2) confirmed the morphological identification. P. microspora was therefore identified as the causative agent of the leaf blight on rubber in South West Cameroon. The effects of some fungicides were tested in vitro on mycelial growth of P. microspora. Banko plus (Chlorothalonil 550 g L-1 + Carbendazim 100 g L-1), Penncoz (Mancozeb 800 g kg-1) and Metalm 72 WP (Cuprous oxide 600 g kg-1 + Metalaxyl 120 g kg-1) tested at different concentrations revealed inhibitory activity in vitro. Among these fungicides, a marked efficiency of Chlorothalonil + Carbendazim was observed, though the inhibition of mycelial growth was more effective with Cuprous oxide + Metalaxyl at rates: 100, 75 and 50 per cent only. |
| 650 ## - SUBJECT ADDED ENTRY--TOPICAL TERM | |
| Topical Term | Internal transcribed spacer |
| 650 ## - SUBJECT ADDED ENTRY--TOPICAL TERM | |
| Topical Term | Leaf blight |
| 650 ## - SUBJECT ADDED ENTRY--TOPICAL TERM | |
| Topical Term | Natural rubber |
| 650 ## - SUBJECT ADDED ENTRY--TOPICAL TERM | |
| Topical Term | Pathogenicity |
| 650 ## - SUBJECT ADDED ENTRY--TOPICAL TERM | |
| Topical Term | Pestalotiopsis microspora |
| 700 ## - ADDED ENTRY--PERSONAL NAME | |
| Personal name | Doungous O |
| 700 ## - ADDED ENTRY--PERSONAL NAME | |
| Personal name | Ehabe E.E |
| 700 ## - ADDED ENTRY--PERSONAL NAME | |
| Personal name | Godswill N |
| 700 ## - ADDED ENTRY--PERSONAL NAME | |
| Personal name | Njonje S.W |
| 700 ## - ADDED ENTRY--PERSONAL NAME | |
| Personal name | Owona N.P.A |
| 942 ## - ADDED ENTRY ELEMENTS (KOHA) | |
| Koha item type | Journals |
| Withdrawn status | Lost status | Damaged status | Not for loan | Home library | Current library | Shelving location | Date acquired | Serial Enumeration / chronology | Koha item type |
|---|---|---|---|---|---|---|---|---|---|
| Journals | RRII Library | RRII Library | Pathology | 17/12/2021 | Volume 31, Issue 2 | Journals |